| 000 | 00645nam a22001577a 4500 | ||
|---|---|---|---|
| 003 | OSt | ||
| 005 | 20151105155727.0 | ||
| 008 | 151105b xxu||||| |||| 00| 0 eng d | ||
| 040 | _cRUA | ||
| 082 | _aFOR CHH 2000 B126 Or.1 | ||
| 100 |
_93417 _aCHHAIR, SOKTY. |
||
| 245 | _aThe enviromental impact assessment of deforestation in sem reap province, ការវាយតំលៃផលប៉ពពាល់បរិស្ថានបណ្ដាលមកពីការកាប់បំផ្លាញព្រៃឈើនៅខេត្តសៀមរាប | ||
| 260 |
_aPhnom Penh _bRUA _c2000 |
||
| 300 |
_a50p. _bill. _c29cm. |
||
| 942 |
_2ddc _cFOR |
||
| 999 |
_c3186 _d3186 |
||